Szczegóły MARC21

Franz Grillparzer /

003 -Nazwa inst., której nr kontr. jest w polu 001 [,]
    • @
    • Nazwa instytucji, której n kontrolny jest w polu 001
    • NUKAT
005 -DATA I CZAS OSTATNIEJ MODYFIKACJI [,]
    • @
    • pole kontrolne
    • 20241231094613.0
040 -Instytucja sporządzająca opis [ , ]
    • a
    • Instytucja, która sporządziła opis (NP)
    • KR U/84SzE
    • b
    • Język katalogowania
    • pol
    • e
    • Zasady katalogowania
    • rda
    • c
    • Instytucja, która sporządziła rekord (NP)
    • KR U/84SzE
    • d
    • Instytucja, która zmodyfikowała rekord (P)
    • SZCZ U/ABs
942 -Rodzaj dokumentu [ , ]
    • c
    • Rodzaj dokumentu
    • Książka
100 -Hasło główne - nazwa osobowa [1, ]
    • a
    • Nazwa osobowa (NP)
    • Müller, Joachim
    • d
    • Daty biograficzne (NP)
    • (1906-1986).
    • e
    • Rodzaj współpracy
    • Autor
    • 9
    • KHW
    • 94831
245 -Strefa tytułu i oznaczenia odpowiedzialności [1,0]
    • a
    • Tytuł
    • Franz Grillparzer / Find
    • c
    • Pozostałe elementy strefy tytułu i oznaczenia odpowiedzialności (NP)
    • Joachim Müller.
250 -Strefa wydania [ , ]
    • a
    • Oznaczenie wydania (NP)
    • 2., verbesserte Auflage.
260 -Strefa adresu wydawniczego [ , ]
    • a
    • Miejsce wydania (P)
    • Stuttgart :
    • b
    • Nazwa wydawcy (P)
    • J. B. Metzlersche Verlagsbuchhandlung,
    • c
    • Data wydania (P)
    • 1966.
300 -Strefa opisu fizycznego [ , ]
    • a
    • Określenie formy książki i/lub objętość (NP)
    • VI, 106 stron ;
    • c
    • Format (NP)
    • 19 cm.
336 -Typ zawartości [ , ]
    • a
    • Termin opisujący typ zawartości
    • Tekst
    • b
    • Kod określający zawartość
    • txt
    • 2
    • Źródło (terminu i kodu)
    • rdacontent
337 -Typ mediów [ , ]
    • a
    • Tryb odtwarzania
    • Bez urządzenia pośredniczącego
    • b
    • Kod typu mediów
    • n
    • 2
    • Źródło (terminu i kodu)
    • rdamedia
338 -Typ/rodzaj nośnika [ , ]
    • a
    • Hasło opisujące typ nośnika
    • Wolumin
    • b
    • Kod typu nośnika
    • nc
    • 2
    • Źródło (terminu i kodu)
    • rdacarrier
490 -Strefa serii i książki wielotomowej - forma nie do wyszukiwania [1, ]
    • a
    • Tytuł (P)
    • Sammlung Metzler : Realienbücher für Germanisten. Abt. D, Literaturgeschichte, Find
    • x
    • ISSN (NP)
    • 0558-3667 ;
    • v
    • Numeracja (P)
    • M 31.
830 -Hasło dodatkowe serii i opisu książki wielotomowej - tytuł ujednolicony/tytuł [ ,0]
    • a
    • Tytuł ujednolicony/tytuł (NP)
    • Sammlung Metzler
    • x
    • ISSN
    • 0558-3667
    • v
    • Oznaczenie tomu (NP)
    • Bd. 31
    • 9
    • KHW
    • 28494
504 -Uwaga dot. bibliogr. załącznikowej [ , ]
    • a
    • Uwaga dot. bibliografii załącznikowej
    • Bibliografie przy rozdziałach. Indeks.
600 -Hasło przedmiotowe w formie nazwy osobowej [1,7]
    • a
    • Nazwa osobowa
    • Grillparzer, Franz
    • d
    • Daty związane z nazwą
    • (1791-1872).
    • 2
    • Źródło terminu
    • kaba
    • 9
    • KHW
    • 67675
710 -Hasło dodatkowe - nazwa ciała zbiorowego [2, ]
    • a
    • Nazwa ciała zbiorowego lub nazwa geograficzna jako pierwszy element (NP)
    • J. B. Metzlersche Buchhandlung.
    • e
    • Rodzaj współpracy
    • Wydawca
    • 4
    • Kod relacji
    • pbl
    • 9
    • KHW
    • 438784
Sygnatura Numer inwentarzowy Status udost. Lokalizacja Data inwentaryzacji
Germ. Literat. - Grillparzer 03G.11261-3BM1995-12-14